000 00253nam a2200097Ia 4500
008 230915s9999 xx 000 0 und d
050 _aQD 79.I5 .S26 2007 C.2
100 _aSKOOG DOUGLAS A.
245 0 _aPRINCIPLES OF INSTRUMENTAL ANALYSIS
942 _cBK
999 _c190286
_d190286